000 00991nam a22002297a 4500
003 BUBTL
008 230306b ||||| |||| 00| 0 eng d
020 _a9847021400676
082 _a954.92/ R1292u/ 2013
100 _95202
_aRahim, Enayetur
245 _aUK Foreign and Commonwealth Office De-Classified Documents 1962-1971 Bangabandhu Sheikh Mujibur Rahman and Struggle for Independence /
_cSheikh Hasina, Enayetur Rahim, Joyce L. Rahim
250 _a1st Edn
260 _aDhaka:
_bHakkani Publishers,
_cc2013
300 _axvii, 365 p.:
_bills.;
_c22 cm.
500 _aIncludes Index
505 _aUK Foreign and Commonwealth Office De-Classified Documents 1962-1971 Bangabandhu Sheikh Mujibur Rahman and Struggle for Independence, Bangabandhu Sheikh Mujibur Rahman, 1971, Sheikh Hasina, Enayetur Rahim, Joyce L. Rahim
650 0 _94372
_aBangabandhu
700 _95203
_aRahim, Joyce
856 _k0
_l0
_yDownload
942 _2ddc
_cBK
999 _c6964
_d6964